000 00654cam a2200229 4500
008 090401t1993 xxu||||| |||| 00| 0 eng d
020 _a0854065873
035 _a(Sirsi) u58017
041 _aeng
050 _a526.9
090 _aRICS 1993/19ABC
110 _aRoyal Institution of Chartered Surveyors
_bScotland
_93082
245 _aPlans for conveyancing in Scotland: a guide for land and property practitioners
260 _aEdinburgh
_bRICS in Scotland
_c1993
300 _a19, (9)p. ; 30cm.
350 _a0
650 _aBoundary disputes
_96221
650 _aHM LAND REGISTRY
650 _aSCOTLAND
942 _n0
948 _c04/03/1997
999 _c94009
_d94009